¿Hombre artificial? : (Registro nro. 124048)

Detalles MARC
000 -LEADER
campo de control de longitud fija 01075nam a2200277 4500
001 - NÚMERO DE CONTROL
campo de control 124048
003 - IDENTIFICADOR DE NÚMERO DE CONTROL
campo de control ES-MaACL
005 - FECHA Y HORA DE LA ÚLTIMA TRANSACCIÓN
campo de control 20251219115819.0
007 - CAMPO FIJO DE DESCRIPCIÓN FÍSICA--INFORMACIÓN GENERAL
campo de control de longitud fija t|
008 - DATOS DE LONGITUD FIJA--INFORMACIÓN GENERAL
campo de control de longitud fija 070214s1931 sp r ||||1| spa d
080 ## - NÚMERO DE LA CLASIFICACIÓN DECIMAL UNIVERSAL
Número de la Clasificación Decimal Universal 821.134.2-32"18"
100 1# - ENTRADA PRINCIPAL--NOMBRE DE PERSONA
Nombre de persona Ramón y Cajal, Santiago,
Fechas asociadas al nombre 1852-1934
9 (RLIN) 226468
245 11 - MENCIÓN DEL TÍTULO
Título ¿Hombre artificial? :
Resto del título [páginas pseudoliterarias - semi-científicas] /
Mención de responsabilidad, etc. por Santiago Ramón y Cajal ; [portadas por Gazo ; ilustraciones de González-Bernal].
250 ## - MENCION DE EDICION
Mención de edición 1ª ed.
260 ## - PUBLICACIÓN, DISTRIBUCIÓN, ETC.
Lugar de publicación, distribución, etc. Zaragoza :
Nombre del editor, distribuidor, etc. Publicaciones Goya,
Fecha de publicación, distribución, etc. 1931 (
Fabricante Tall. Tip. del Heraldo de Aragón)
300 ## - DESCRIPCIÓN FÍSICA
Extensión 190 p. :
Otras características físicas il. ;
Dimensiones 18 cm.
490 1# - MENCIÓN DE SERIE
Mención de serie Colección aragonia ;
Designación de volumen o secuencia 1
530 ## - NOTA DISPONIBLE DE FORMULARIO FÍSICO ADICIONAL
Nota de formato físico adicional disponible Disponible en formato digital.
700 1# - ENTRADA AGREGADA--NOMBRE PERSONAL
Nombre de persona Gazo, Félix,
Fechas asociadas al nombre 1899-1933
9 (RLIN) 172562
700 1# - ENTRADA AGREGADA--NOMBRE PERSONAL
Nombre de persona González Bernal, Juan José Luis.
9 (RLIN) 58453
830 1# - PUNTO DE ACCESO ADICIONAL DE SERIE-TÍTULO UNIFORME
Título uniforme Colección aragonia ;
Designación de volumen o secuencia 1
9 (RLIN) 218986
852 ## - LOCALIZACIÓN
Ubicación ES-MaACL
Número de control de estantería B-12619
Ubicación en estantería Sala Pardo Bazán
856 4# - LOCALIZACIÓN Y ACCESO ELECTRÓNICOS
Identificador Uniforme de Recursos <a href="http://bdh-rd.bne.es/viewer.vm?id=0000200555&page=1 ">http://bdh-rd.bne.es/viewer.vm?id=0000200555&page=1 </a>
Texto de enlace (Biblioteca Digital Hispánica)
942 ## - ELEMENTOS DE ENTRADA SECUNDARIOS (KOHA)
Fuente del sistema de clasificación o colocación Clasificación decimal universal
Existencias
Estatus retirado Estado de pérdida Estado de daño No para préstamo Colección Biblioteca de origen Biblioteca actual Ubicación en estantería Fecha de adquisición Fuente de adquisición Total de préstamos Signatura topográfica completa Código de barras Visto por última vez Precio de reemplazo Tipo de ítem Koha
        Colección digital Biblioteca del Ateneo de Madrid Biblioteca del Ateneo de Madrid Sala Pardo Bazán 17/01/2008     B-12619 1129236 23/02/2023 23/02/2023 Libro impreso